• 首页
  • 本馆介绍
  • 公告通知
  • 最新文献
  • 馆藏检索
  • 电子资源
  • 读者导购
  • 参考咨询
  • 我的图书馆
  • 登录
  • 详细信息显示
  • 放入我的书架
  • 预约/预借图书
  • 作者相关作品
  • 分类相关作品
  • 丛书相关作品
  • 出版社相关作品

书目信息

  • 表格格式
  • 工作单格式
  • 卡片格式
题名:
马克思恩格斯列宁斯大林论社会主义文明
    
 
作者:
分册:  
出版信息: 北京   中共中央党校出版社  1982
页数: 233
开本: 20cm
丛书名:
单 册:
中图分类: A56
科图分类:
主题词: 马列著作--专题汇编
电子资源:
ISBN:
000 00471nam0 2200157 450
001 0734081268
005 20071007092801.28
100    @a20071007d km y0chiy0120 ea
101 0  @achi
200 1  @a马克思恩格斯列宁斯大林论社会主义文明@Ama ke si en ge si lie ning si da lin lun she hui zhu yi wen ming
210    @a北京@c中共中央党校出版社@d1982
215    @a233@d20cm
606 0  @a马列著作@x专题汇编
690    @aA56@v3
801  0 @aCN@bPFT@c20071007
905    @a213230@dA56@ea1@f1
    
    马克思恩格斯列宁斯大林论社会主义文明.-北京:中共中央党校出版社,1982
    233;20cm
    
    
    ISBN :
    
●
相关链接 在E读中查询图书 在五车中查询图书 在当当中查询图书 在豆瓣中查询图书


正题名:马克思恩格斯列宁斯大林论社会主义文明     索取号:A56/a1         预约/预借

序号 登录号 条形码 馆藏地/架位号 状态 备注
1 7509811   275098118   史法系资料室/ [索取号:A56/a1] 在馆    
唐山师范学院图书馆 欢迎您!
大连网信软件有限公司© 版权所有